Statistics for Harry Potter Character's Middle Names

Click here to take the quiz!

General Stats

  • This quiz has been taken 140 times
  • The average score is 10 of 21

Answer Stats

first and last namemiddle name% Correct
harry ____ potterjames
100%
hermione ____ grangerjean
89%
tom ____ riddlemarvolo
88%
draco ____ malfoylucius
85%
ginny ____ weasleymolly
84%
ron ____ weasleybilius
82%
albus ____ dumbledorebrian
82%
albus ____ potterseverus
74%
james ____ pottersirius
73%
lily ____ potterluna
69%
edward "teddy" ____ lupinremus
68%
victoire ____ weasleygabrielle
19%
dominique ____ weasleyisabelle
12%
nymphadora ____ tonksvulpecula
12%
hugo ____ weasleyneville
7%
louis ____ weasleypierre
7%
rose ____ weasleyamelia
6%
lucy ____ weasleyabigail
3%
fred ____ weasleydaniel
3%
roxanne ____ weasleyrachelle
3%
molly ____ weasleyvictoria
3%

Score Distribution

Percentile by Number Answered

Percent of People with Each Score

Your Score History

You have not taken this quiz